[Event "Tournoi Skype 018B"]
[Site "Skype"]
[Date "????.??.??"]
[Round "5.20"]
[White "Bacha, Mehdi"]
[Black "Vervoort, Jean-Louis"]
[Result "0-1"]
[WhiteElo "1000"]
[BlackElo "1273"]
[PlyCount "56"]

1. d4 d5 2. e3 Nf6 3. Nc3 Bg4 4. Bb5+ c6 5. Be2 Bxe2 6. Qxe2 e6 7. Nf3 Bb4 8.
O-O O-O 9. Ne5 Nbd7 10. Nxd7 Qxd7 11. a3 Bxc3 12. bxc3 b5 13. a4 bxa4 14. Ba3
Rfb8 15. Rab1 Rxb1 16. Rxb1 Ne4 17. Bb2 Rb8 18. f3 Nxc3 19. Bxc3 Rxb1+ 20. Be1
a3 21. c3 Qb7 22. Qd2 Qb2 23. Qxb2 Rxb2 24. e4 a2 25. Kf1 a1=Q 26. c4 Qd1 27.
cxd5 Qe2+ 28. Kg1 Qxe1# 0-1

[Event "Tournoi Skype 018B"]
[Site "Skype"]
[Date "????.??.??"]
[Round "5.21"]
[White "Codina, Teresa"]
[Black "Erten, Ozlem"]
[Result "1-0"]
[WhiteElo "1310"]
[BlackElo "1000"]
[PlyCount "101"]

1. e4 e5 2. Nf3 Nc6 3. Bb5 Bd6 4. c3 a6 5. Ba4 Nf6 6. d3 O-O 7. O-O b5 8. Bc2
Qe8 9. Re1 Bc5 10. d4 Bb6 11. Bg5 exd4 12. Bxf6 gxf6 13. cxd4 Ba5 14. Nc3 b4
15. Nd5 Qe6 16. Bb3 Ne7 17. Nxc7 Qc6 18. Nxa8 Qxa8 19. Rc1 Bb7 20. d5 d6 21. h3
Bb6 22. Re2 a5 23. Bc2 Ba6 24. Bd3 Bxd3 25. Qxd3 Ng6 26. Qd2 Qa6 27. b3 Nf4 28.
Ree1 Nd3 29. Red1 Nxc1 30. Rxc1 Re8 31. Rc4 a4 32. Rxb4 axb3 33. axb3 Bc5 34.
Ra4 Qb6 35. Qb2 Qb5 36. Kh2 Qb6 37. Rc4 Bxf2 38. b4 Qe3 39. Qa1 f5 40. b5 fxe4
41. Rc3 Qf4+ 42. g3 Qf6 43. Qc1 exf3 44. Rc8 Rxc8 45. Qxc8+ Kg7 46. Qg4+ Qg6
47. Qxf3 Bb6 48. h4 Qc2+ 49. Kh3 Qc5 50. Qg4+ Kf6 51. Qf4+ 1-0

[Event "Tournoi Skype 018B"]
[Site "Skype"]
[Date "????.??.??"]
[Round "5.22"]
[White "Gieschen, Mike"]
[Black "Baker, Abi"]
[Result "1-0"]
[WhiteElo "1235"]
[BlackElo "1130"]
[PlyCount "67"]

1. e4 e6 2. d4 d5 3. e5 c5 4. c3 Nc6 5. Nf3 g6 6. Bd3 Bg7 7. O-O Nge7 8. Be3
O-O 9. dxc5 Nxe5 10. Nxe5 Bxe5 11. Bh6 Bxh2+ 12. Kxh2 Qc7+ 13. Kg1 Rd8 14. b4
b6 15. cxb6 axb6 16. a3 Bb7 17. Qc2 Nf5 18. Bxf5 exf5 19. Nd2 Re8 20. Nf3 Ba6
21. Rae1 Re4 22. Rxe4 fxe4 23. Nd4 Bd3 24. Qd2 Rd8 25. Rc1 f6 26. Ne6 e3 27.
Qxd3 exf2+ 28. Kh1 Qc4 29. Qxc4 dxc4 30. Nxd8 g5 31. Rf1 g4 32. Rxf2 b5 33.
Rxf6 g3 34. Rf8# 1-0

[Event "Tournoi Skype 018B"]
[Site "Skype"]
[Date "????.??.??"]
[Round "5.23"]
[White "Maccaferri, Massimo"]
[Black "Farthouat, Catherine"]
[Result "1-0"]
[WhiteElo "1350"]
[BlackElo "1150"]
[PlyCount "43"]

1. e4 g6 2. Bc4 e6 3. d3 Bg7 4. h4 Nf6 5. e5 Nh5 6. g4 Bxe5 7. gxh5 O-O 8. Qg4
f5 9. Qg5 Bf6 10. Qg2 Kf7 11. hxg6+ hxg6 12. h5 Rg8 13. h6 Bh4 14. Nf3 Bf6 15.
h7 Rh8 16. Rh6 g5 17. Bxg5 Bxg5 18. Nxg5+ Ke8 19. Rg6 Ke7 20. Rg7+ Kf8 21. Nf7
Qe8 22. Rg8+ 1-0

[Event "Tournoi Skype 018B"]
[Site "Skype"]
[Date "????.??.??"]
[Round "5.24"]
[White "Martin, Elise"]
[Black "Delmonte, Davide"]
[Result "1-0"]
[WhiteElo "1107"]
[BlackElo "1233"]
[PlyCount "67"]

1. e4 e5 2. Nf3 Nc6 3. d3 Bc5 4. Nc3 d6 5. Be2 Nf6 6. Bg5 h6 7. Bh4 g5 8. Bg3
Ng4 9. O-O Bxf2+ 10. Bxf2 Nxh2 11. Re1 Ng4 12. Bg3 d5 13. exd5 Ne3 14. Qd2 Nf5
15. Bf2 g4 16. Nh2 Be6 17. Bxg4 h5 18. Bf3 Rg8 19. dxe6 Ncd4 20. Bxh5 Qe7 21.
exf7+ Qxf7 22. Bxf7+ Kxf7 23. Rxe5 Kf6 24. Qe1 Rg7 25. Nd5+ Kf7 26. Bxd4 Rag8
27. Rxf5+ Kg6 28. Rf6+ Kh5 29. Qe2+ Kh4 30. Bf2+ Rg3 31. Bxg3+ Rxg3 32. Rh6+
Kg5 33. Re6 Kh4 34. Rf1 1-0

[Event "Tournoi Skype 018B"]
[Site "Skype"]
[Date "????.??.??"]
[Round "5.25"]
[White "Moumtaz, Abderrahim"]
[Black "Guillaume, Mickael"]
[Result "0-1"]
[WhiteElo "1219"]
[BlackElo "1102"]
[PlyCount "88"]

1. d4 d5 2. c4 e6 3. Nf3 Nc6 4. Nc3 h6 5. Bf4 Bd6 6. e3 Bxf4 7. exf4 Qf6 8. Qd2
Nge7 9. Bd3 Nf5 10. cxd5 Nfxd4 11. Nxd4 Qxd4 12. dxc6 bxc6 13. O-O O-O 14. Qc2
Qxf4 15. Ne4 Bb7 16. Nc5 Bc8 17. Rad1 e5 18. Qd2 Qf6 19. Ne4 Qe7 20. Qe2 Bb7
21. Ng3 Qg5 22. Qe4 g6 23. h4 f5 24. hxg5 fxe4 25. Nxe4 h5 26. Nf6+ Kg7 27. Ne4
Rad8 28. Nc5 Bc8 29. Be4 Rd6 30. Rxd6 cxd6 31. Bxc6 dxc5 32. Re1 Rd8 33. Rxe5
Rd1+ 34. Kh2 c4 35. Re7+ Kf8 36. Rxa7 Be6 37. Ra8+ Ke7 38. Be8 Bf5 39. Ra7+
Kxe8 40. Ra8+ Ke7 41. Ra7+ Ke6 42. Ra6+ Kd5 43. Ra8 Kc5 44. Rc8+ Bxc8 0-1

[Event "Tournoi Skype 018B"]
[Site "Skype"]
[Date "????.??.??"]
[Round "5.26"]
[White "Douichi, Mohammed"]
[Black "Gagnon, Sindy"]
[Result "1-0"]
[WhiteElo "1216"]
[BlackElo "1016"]
[PlyCount "133"]

1. e4 Nf6 2. d3 Nc6 3. Nc3 e5 4. Nf3 Bd6 5. Be3 O-O 6. d4 exd4 7. Nxd4 Ne5 8.
Be2 b6 9. Bg5 h6 10. Bh4 Qe8 11. Nd5 Bb7 12. Nxc7 Bxc7 13. Bxf6 gxf6 14. Bd3 f5
15. Nxf5 Qe6 16. Nd4 Qg4 17. Qxg4+ Nxg4 18. Nf3 d6 19. h3 Nf6 20. O-O d5 21. e5
Nh5 22. Nd4 Bxe5 23. Nf5 Nf4 24. Nxh6+ Kg7 25. Nf5+ Kg6 26. Nd6+ Nxd3 27. Nxb7
Rh8 28. cxd3 Bxb2 29. Rab1 Be5 30. Rfe1 Bd4 31. Nd6 f5 32. Re6+ Kh5 33. Nxf5
Bc3 34. g4+ Kg5 35. Kg2 Kf4 36. d4 b5 37. Rd6 a5 38. Rxd5 Ke4 39. Rdxb5 a4 40.
Re5+ Kf4 41. a3 Bxd4 42. Rd5 Ke4 43. Rxd4+ Ke5 44. Re1+ Kf6 45. h4 Kg6 46. Kg3
Rac8 47. Ne7+ Kg7 48. Nxc8 Rxc8 49. h5 Rc3+ 50. Kf4 Rxa3 51. Re7+ Kf6 52. g5+
Kxe7 53. Re4+ Kd7 54. h6 Ra2 55. h7 Rxf2+ 56. Kg3 Rf8 57. Rxa4 Ke7 58. Ra7+ Ke6
59. g6 Kf6 60. g7 Rf7 61. Rxf7+ Kxf7 62. g8=Q+ Ke7 63. h8=Q Kd7 64. Qd8+ Kc6
65. Qc3+ Kb5 66. Qd5+ Ka4 67. Qdb3# 1-0

[Event "Tournoi Skype 018B"]
[Site "Skype"]
[Date "????.??.??"]
[Round "5.27"]
[White "Mimouni, Driss"]
[Black "Lequeux, Pierre"]
[Result "0-1"]
[WhiteElo "1000"]
[BlackElo "1133"]
[PlyCount "93"]

1. e4 e5 2. Nf3 Nc6 3. Bc4 h6 4. Bb5 Bc5 5. O-O Nge7 6. d3 O-O 7. Nc3 a6 8.
Bxc6 Nxc6 9. Be3 Be7 10. d4 d6 11. d5 Nd4 12. Nxd4 exd4 13. Bxd4 c6 14. Qd3
cxd5 15. Qg3 Bf6 16. e5 dxe5 17. Be3 d4 18. Rad1 Bd7 19. Nd5 dxe3 20. fxe3 g5
21. Rxf6 Bc6 22. c4 Bxd5 23. Rxd5 Qxf6 24. Qxe5 Qxe5 25. Rxe5 Rae8 26. Rd5 Rxe3
27. Kf2 Rfe8 28. Rd1 Re2+ 29. Kf1 Rxb2 30. a4 Rb4 31. Rd6 Kg7 32. c5 Rxa4 33.
c6 bxc6 34. Rxc6 a5 35. g4 Ra1+ 36. Kg2 a4 37. h4 gxh4 38. Kh3 a3 39. Kxh4 a2
40. g5 hxg5+ 41. Kxg5 Rg1+ 42. Kf5 a1=Q 43. Rc5 Qb1+ 44. Kf4 Re4+ 45. Kf5 Rc4+
46. Ke5 Rxc5+ 47. Kd6 0-1

[Event "Tournoi Skype 018B"]
[Site "Skype"]
[Date "????.??.??"]
[Round "5.28"]
[White "Picard, Mario"]
[Black "Marty, Yvette"]
[Result "1-0"]
[WhiteElo "1271"]
[BlackElo "1000"]
[PlyCount "83"]

1. d4 d5 2. c4 e6 3. Nc3 Nf6 4. Nf3 c6 5. Bg5 dxc4 6. e4 Be7 7. Bxc4 Qc7 8. e5
c5 9. exf6 gxf6 10. Be3 Nc6 11. dxc5 Ne5 12. Bf4 Qxc5 13. Be2 Ng6 14. Bh6 Qh5
15. Qd2 f5 16. Ne4 f4 17. Ng3 Qxh6 18. Nf5 exf5 19. O-O Rg8 20. Nd4 Nh4 21. g3
Ng6 22. Nxf5 Qh3 23. Nxe7 Kxe7 24. Qb4+ Ke8 25. Qe4+ Kf8 26. Rad1 Kg7 27. Rd6
Kh6 28. Qxf4+ Kg7 29. Qd4+ Kh6 30. Bc4 Bf5 31. Bxf7 Rg7 32. Bxg6 Rxg6 33. Qf4+
Kg7 34. Rd5 Rf8 35. Re1 Rg4 36. Re7+ Rf7 37. Rxf7+ Kxf7 38. Qxf5+ Kg7 39. Rd7+
Kg8 40. Qf7+ Kh8 41. Rd8+ Rg8 42. Qxg8# 1-0

[Event "Tournoi Skype 018B"]
[Site "Skype"]
[Date "????.??.??"]
[Round "6.1"]
[White "Sepulveda, Lyda Marcela"]
[Black "Sauvaget, Joel"]
[Result "1-0"]
[WhiteElo "1375"]
[BlackElo "1509"]
[PlyCount "63"]

1. e4 d6 2. d4 e6 3. Nf3 Nf6 4. Bd3 Bd7 5. c4 Be7 6. Nc3 O-O 7. O-O h6 8. e5
Nh7 9. Qc2 Ng5 10. Nxg5 Bxg5 11. f4 Be7 12. Be3 Nc6 13. a3 f5 14. exf6 Bxf6 15.
Ne2 Ne7 16. Ng3 Nc6 17. Bh7+ Kh8 18. Rad1 Be8 19. d5 exd5 20. Rxd5 Ne7 21. Rd2
g6 22. Bxg6 Bxg6 23. f5 Bf7 24. Bxh6 Rg8 25. Ne4 Nc6 26. Qd3 Bg5 27. Qh3 Rg7
28. Bxg5+ Kg8 29. Bxd8 Rxd8 30. Nf6+ Kf8 31. Rf4 Nd4 32. Rdxd4 1-0

[Event "Tournoi Skype 018B"]
[Site "Skype"]
[Date "????.??.??"]
[Round "6.2"]
[White "De Nobrega, George"]
[Black "Perrone, Gabriel Lorenzo"]
[Result "1-0"]
[WhiteElo "1458"]
[BlackElo "1390"]
[PlyCount "103"]

1. e4 e5 2. Nf3 d6 3. d4 Bg4 4. Be2 Nd7 5. dxe5 Nxe5 6. Nxe5 Bxe2 7. Qxe2 dxe5
8. Qb5+ c6 9. Qxe5+ Qe7 10. Qxe7+ Bxe7 11. O-O Nf6 12. Re1 O-O 13. e5 Nd7 14.
e6 Nf6 15. exf7+ Rxf7 16. Bg5 Re8 17. Nc3 Rff8 18. Rad1 h6 19. Bxf6 Bxf6 20.
Kf1 Bxc3 21. bxc3 Rxe1+ 22. Rxe1 Kf7 23. g4 Rd8 24. Re2 Rd1+ 25. Re1 Rd2 26.
Re2 Rd1+ 27. Re1 Rd2 28. Rc1 Kg6 29. Ke1 Rd5 30. Rd1 Rxd1+ 31. Kxd1 Kg5 32. h3
Kh4 33. Ke2 Kxh3 34. Kf3 Kh4 35. Kf4 g5+ 36. Kf5 a6 37. c4 c5 38. a4 b6 39. f4
gxf4 40. Kxf4 Kh3 41. g5 hxg5+ 42. Kxg5 Kg3 43. Kf5 Kf3 44. Ke5 Ke3 45. Kd5 Kd2
46. Kc6 Kc3 47. Kxb6 Kxc4 48. a5 Kb4 49. Kxa6 Kc3 50. Kb5 c4 51. a6 Kd4 52. a7
1-0

[Event "Tournoi Skype 018B"]
[Site "Skype"]
[Date "????.??.??"]
[Round "6.3"]
[White "Porcabeuf, Jean-Marc"]
[Black "Mordaa, Ahmad"]
[Result "0-1"]
[WhiteElo "1380"]
[BlackElo "1440"]
[PlyCount "54"]

1. d4 Nf6 2. c4 e5 3. dxe5 Ng4 4. Nf3 Bc5 5. Nc3 Nxf2 6. Qd5 d6 7. Rg1 c6 8.
Qd2 O-O 9. e3 Ng4 10. Bd3 Bxe3 11. Qc2 Bxg1 12. Bxh7+ Kh8 13. Ng5 Nxe5 14. Bg8
g6 15. Bh7 Qf6 16. Nce4 Qe7 17. Qc3 f6 18. Bxg6 Nxg6 19. Qc2 fxg5 20. Qe2 Nf4
21. Bxf4 gxf4 22. O-O-O Be3+ 23. Kb1 Qxe4+ 24. Ka1 Rg8 25. Qh5+ Qh7 26. Qe2 Bg4
27. Qxg4 Rxg4 0-1

[Event "Tournoi Skype 018B"]
[Site "Skype"]
[Date "????.??.??"]
[Round "6.5"]
[White "Salazar Ticeran, Antonio"]
[Black "Kruzeniski, Randy"]
[Result "0-1"]
[WhiteElo "1526"]
[BlackElo "1409"]
[PlyCount "80"]

1. e4 c5 2. Nf3 d6 3. Bb5+ Bd7 4. Nc3 Bxb5 5. Nxb5 a6 6. Nc3 Nf6 7. O-O g6 8.
Re1 e5 9. d3 Bg7 10. Bg5 h6 11. Bxf6 Bxf6 12. Nd5 Bg7 13. h3 Nd7 14. Nh2 Nf6
15. Re3 Nxd5 16. exd5 O-O 17. Rg3 b5 18. c4 b4 19. Qd2 a5 20. Rf1 g5 21. Ng4 f5
22. Nh2 f4 23. Rf3 Qd7 24. g4 fxg3 25. Rxg3 Rf4 26. Kh1 Raf8 27. Ng4 h5 28. Ne3
Bh6 29. Ng2 R4f6 30. h4 g4 31. Qd1 Rxf2 32. Rxf2 Rxf2 33. Qg1 Qf7 34. Ne3 Bxe3
35. Rxe3 Rf1 36. Rg3 Rxg1+ 37. Rxg1 Qf3+ 38. Rg2 Qxd3 39. Kh2 Qxc4 40. b3 Qxd5
0-1

[Event "Tournoi Skype 018B"]
[Site "Skype"]
[Date "????.??.??"]
[Round "6.6"]
[White "Vincent, Andre"]
[Black "Galani, Mahendra"]
[Result "0-1"]
[WhiteElo "1326"]
[BlackElo "1419"]
[PlyCount "86"]

1. Nf3 Nf6 2. c4 c6 3. g3 d5 4. d4 Qa5+ 5. Bd2 Qb6 6. Qb3 Qc7 7. Bg2 dxc4 8.
Qxc4 Be6 9. Qc1 Na6 10. O-O Nd5 11. a3 Bf5 12. Nc3 Nxc3 13. Bxc3 Qd6 14. Re1
Be4 15. Qe3 Qd5 16. b4 f6 17. Nh4 Bxg2 18. Nxg2 Nc7 19. Nf4 Qc4 20. Qd3 Qb3 21.
a4 Qf7 22. e4 e6 23. d5 cxd5 24. exd5 O-O-O 25. Qc4 exd5 26. Qd4 Bd6 27. Nd3 h5
28. Re2 Qg6 29. h3 h4 30. Kg2 hxg3 31. Qg4+ Qxg4 32. hxg4 Rh2+ 33. Kf3 g2 34.
Rg1 Rh3+ 35. Kxg2 Rxd3 36. Be1 Rh8 37. Rh1 Rxh1 38. Kxh1 Rh3+ 39. Kg2 Rh2+ 40.
Kf3 d4 41. Rd2 Rh3+ 42. Ke2 Ne6 43. Rd3 Nf4+ 0-1

[Event "Tournoi Skype 018B"]
[Site "Skype"]
[Date "????.??.??"]
[Round "6.8"]
[White "Sahrane, Juba"]
[Black "Milanese, Serge"]
[Result "1-0"]
[WhiteElo "1476"]
[BlackElo "1317"]
[PlyCount "53"]

1. Nf3 d5 2. d4 e6 3. c4 Nf6 4. Nc3 c6 5. Bg5 Be7 6. e3 Nbd7 7. cxd5 cxd5 8.
Bd3 a6 9. Qc2 Qc7 10. O-O b6 11. Rac1 Bb7 12. h3 Ne4 13. Bxe7 Kxe7 14. Nxd5+
Bxd5 15. Qxc7 Rhc8 16. Qf4 Rxc1 17. Rxc1 h6 18. Bxe4 Bxe4 19. Qxe4 Re8 20. Qb7
f6 21. Rc7 Rd8 22. Nh4 Kf7 23. Rxd7+ Rxd7 24. Qxd7+ Kg8 25. Ng6 Kh7 26. Nf8+
Kg8 27. Nxe6 1-0

[Event "Tournoi Skype 018B"]
[Site "Skype"]
[Date "????.??.??"]
[Round "6.12"]
[White "Kruk, Clementine"]
[Black "Battaglia, Gabriele"]
[Result "1/2-1/2"]
[WhiteElo "1264"]
[BlackElo "1326"]
[PlyCount "127"]

1. e4 e5 2. Nf3 d6 3. Bc4 h6 4. Nc3 Nf6 5. d4 exd4 6. Nxd4 Be7 7. Nd5 Nxd5 8.
Bxd5 O-O 9. Nf5 Bg5 10. Qg4 c6 11. Bxg5 Qxg5 12. Qxg5 hxg5 13. Bc4 Bxf5 14.
exf5 Re8+ 15. Kd2 Rf8 16. Bb3 d5 17. h4 gxh4 18. Rxh4 g5 19. Rh6 Kg7 20. Rah1
Nd7 21. Rh7+ Kf6 22. R1h6+ Kxf5 23. Rxf7+ Nf6 24. Rhxf6+ Ke5 25. Rf5+ Ke6 26.
R7f6+ Ke7 27. Rxf8 Rxf8 28. Rxf8 Kxf8 29. c4 b6 30. cxd5 cxd5 31. Bxd5 Kg7 32.
Ke3 Kg6 33. f4 Kf6 34. fxg5+ Kxg5 35. a4 Kg4 36. b4 Kg5 37. a5 bxa5 38. bxa5
Kf6 39. Kd4 Ke7 40. g4 Kd6 41. g5 Ke7 42. g6 Kf8 43. Ke5 Kg7 44. Be4 Kg8 45.
Kd6 Kg7 46. Kc7 Kf6 47. Kb7 Ke5 48. g7 Kxe4 49. g8=Q Kd4 50. Qe6 Kc5 51. Qd7
Kb4 52. Qd5 Ka4 53. Kxa7 Kb4 54. Kb6 Ka4 55. Qb5+ Ka3 56. Kc5 Ka2 57. Kd4 Ka3
58. Qb3+ Kxb3 59. a6 Kb4 60. a7 Kb5 61. a8=Q Kb4 62. Qc8 Ka3 63. Qc5+ Ka4 64.
Kc4 1/2-1/2

[Event "Tournoi Skype 018B"]
[Site "Skype"]
[Date "????.??.??"]
[Round "6.13"]
[White "Bustos, Ricardo"]
[Black "Lemoine, Gerard"]
[Result "0-1"]
[WhiteElo "1240"]
[BlackElo "1323"]
[PlyCount "74"]

1. c4 c5 2. Nc3 e6 3. g3 d5 4. cxd5 exd5 5. d4 c4 6. e3 a6 7. a4 Bb4 8. Qc2 Be6
9. Bg2 Nd7 10. Nf3 Ndf6 11. O-O Ne7 12. Na2 Nc6 13. Ne5 Qb8 14. Nxc6 bxc6 15.
Nxb4 Qxb4 16. Bd2 Qb7 17. Rfe1 Rb8 18. e4 Qxb2 19. Qxb2 Rxb2 20. Bc3 Rb3 21.
Rac1 O-O 22. f4 g6 23. exd5 Bxd5 24. Bxd5 cxd5 25. Ba1 Ra3 26. Bb2 Rxa4 27. h3
Ra2 28. Bc3 Re8 29. Rxe8+ Nxe8 30. Re1 Nf6 31. Bb4 h5 32. Be7 Ne4 33. g4 h4 34.
f5 Kh7 35. fxg6+ fxg6 36. Bxh4 c3 37. Bf2 Nxf2 0-1

[Event "Tournoi Skype 018B"]
[Site "Skype"]
[Date "????.??.??"]
[Round "6.15"]
[White "Hernandez, George"]
[Black "Gerbaux, Regis"]
[Result "1/2-1/2"]
[WhiteElo "1440"]
[BlackElo "1268"]
[PlyCount "83"]

1. e4 c5 2. d4 cxd4 3. c3 dxc3 4. Nxc3 e6 5. Nf3 Bd6 6. Bc4 a6 7. a4 Qc7 8. e5
Bxe5 9. Nxe5 Qxe5+ 10. Be3 Nf6 11. f4 Qxe3+ 12. Qe2 Qxe2+ 13. Bxe2 O-O 14. O-O
Nc6 15. Rad1 d5 16. Bd3 Ng4 17. Rf3 e5 18. Nxd5 Be6 19. Nc7 Rac8 20. Nxe6 fxe6
21. Rh3 h6 22. Bc4 Nd8 23. Bb3 Rxf4 24. Rg3 Rd4 25. Rf1 Rf4 26. Rd1 Nf6 27. h3
h5 28. Kh2 Rf2 29. Rd6 Rxb2 30. Bxe6+ Nxe6 31. Rxe6 Re8 32. Rxf6 Rf8 33. Rfg6
Rf7 34. Re6 Re2 35. Rg5 Ra2 36. Rxh5 Rxa4 37. Re8+ Rf8 38. Rexe5 b5 39. Re7
Raf4 40. Ra7 R8f6 41. Ra8+ Kf7 42. Ra7+ 1/2-1/2

[Event "Tournoi Skype 018B"]
[Site "Skype"]
[Date "????.??.??"]
[Round "6.16"]
[White "Lecluyse, Koenraad"]
[Black "Ramirez Reina, Orlando"]
[Result "0-1"]
[WhiteElo "1265"]
[BlackElo "1410"]
[PlyCount "52"]

1. d4 Nf6 2. Nf3 c5 3. dxc5 Qa5+ 4. c3 Qxc5 5. Be3 Qc7 6. Nbd2 e6 7. Bg5 Be7 8.
Bxf6 Bxf6 9. e3 O-O 10. Bd3 h6 11. O-O d5 12. Rc1 Nc6 13. c4 Qb6 14. b3 Rd8 15.
cxd5 exd5 16. Qc2 Bg4 17. Bf5 Nb4 18. Qc5 Bxf5 19. Nd4 Bg6 20. f4 Bxd4 21. exd4
Nxa2 22. Rc2 Bxc2 23. Qxc2 Nb4 24. Qf5 Qxd4+ 25. Rf2 Nd3 26. Nf3 Qxf2+ 0-1

[Event "Tournoi Skype 018B"]
[Site "Skype"]
[Date "????.??.??"]
[Round "6.17"]
[White "Dubois, Real"]
[Black "Gieschen, Mike"]
[Result "1-0"]
[WhiteElo "1409"]
[BlackElo "1235"]
[PlyCount "59"]

1. d4 d5 2. Bf4 e6 3. Nf3 Nf6 4. e3 b6 5. Bb5+ c6 6. Bd3 Bb7 7. c3 Nbd7 8. Qc2
c5 9. dxc5 Bxc5 10. O-O O-O 11. Nbd2 Qe7 12. Nb3 Bd6 13. Bxd6 Qxd6 14. Rad1 Ne5
15. Nxe5 Qxe5 16. Nd4 g6 17. Qe2 Nh5 18. f4 Qc7 19. Ba6 Bxa6 20. Qxa6 f5 21.
Nxe6 Qc8 22. Qxc8 Rfxc8 23. Rxd5 Nf6 24. Rd3 Kf7 25. Nd4 Re8 26. Re1 Re4 27. h3
Rae8 28. Kf2 h5 29. Nb5 Ke6 30. Nd6 1-0

[Event "Tournoi Skype 018B"]
[Site "Skype"]
[Date "????.??.??"]
[Round "6.18"]
[White "Amato, Ludovica"]
[Black "Codina, Teresa"]
[Result "0-1"]
[WhiteElo "1192"]
[BlackElo "1310"]
[PlyCount "64"]

1. e4 e5 2. Nf3 Nc6 3. Bc4 Be7 4. O-O Nf6 5. d3 O-O 6. Nc3 d6 7. Bg5 Bd7 8. d4
exd4 9. Nxd4 Nxd4 10. Qxd4 Qc8 11. Rfe1 Be6 12. Rad1 Bxc4 13. Qxc4 Re8 14. Qd4
h6 15. Be3 b6 16. e5 dxe5 17. Qxe5 Bd6 18. Qd4 Qb7 19. Bf4 Bc5 20. Qd2 Rad8 21.
Rxe8+ Rxe8 22. Re1 Qc6 23. Rxe8+ Qxe8 24. Bxc7 Kh7 25. g3 Qc6 26. Be5 Ng4 27.
Bd4 Bxd4 28. Qxd4 Qe6 29. h3 Ne5 30. Ne4 Nf3+ 31. Kf1 Nxd4 32. b3 Qxe4 0-1

[Event "Tournoi Skype 018B"]
[Site "Skype"]
[Date "????.??.??"]
[Round "6.19"]
[White "Bouffard, Georges"]
[Black "Torres, Vicky"]
[Result "1-0"]
[WhiteElo "1183"]
[BlackElo "1365"]
[PlyCount "47"]

1. d4 Nf6 2. Nc3 Nc6 3. e3 d5 4. Bd3 e5 5. Nge2 Bb4 6. a3 Ba5 7. Bb5 O-O 8. Ng3
exd4 9. exd4 Bb6 10. Nce2 a6 11. Ba4 Ba5+ 12. c3 Bd7 13. Bc2 Re8 14. Be3 Bg4
15. Bd3 g6 16. Qd2 Ne7 17. b4 Bb6 18. f3 Bf5 19. Nxf5 Nxf5 20. Bxf5 gxf5 21.
Bh6 Nh5 22. O-O-O c6 23. Rde1 Qc7 24. Qg5+ 1-0

[Event "Tournoi Skype 018B"]
[Site "Skype"]
[Date "????.??.??"]
[Round "6.20"]
[White "Marino, Giuseppe"]
[Black "Douichi, Mohammed"]
[Result "1-0"]
[WhiteElo "1353"]
[BlackElo "1216"]
[PlyCount "31"]

1. d4 d5 2. Bf4 e6 3. e3 Nf6 4. Bd3 Be7 5. Nf3 O-O 6. O-O Nbd7 7. Ne5 c6 8. Re1
Qb6 9. b3 h6 10. Nd2 g5 11. Nxd7 Bxd7 12. Be5 Ne8 13. Qh5 f6 14. Qg6+ Ng7 15.
Qh7+ Kf7 16. Bg6# 1-0

[Event "Tournoi Skype 018B"]
[Site "Skype"]
[Date "????.??.??"]
[Round "6.21"]
[White "Lequeux, Pierre"]
[Black "Maccaferri, Massimo"]
[Result "1-0"]
[WhiteElo "1133"]
[BlackElo "1350"]
[PlyCount "57"]

1. e4 e5 2. Nf3 d6 3. h3 Nf6 4. Nc3 Nc6 5. Bb5 Bd7 6. Bd3 Be6 7. Bb5 Qd7 8. d3
d5 9. Nxe5 Qd6 10. Bxc6+ bxc6 11. Nf3 Qb4 12. O-O Rd8 13. Qe1 dxe4 14. a3 Qa5
15. Nxe4 Bb4 16. Nc3 Nd5 17. Bd2 O-O 18. axb4 Qb6 19. Nxd5 Rxd5 20. c4 Rd7 21.
Ra4 Re8 22. Be3 Qb8 23. Bxa7 Qd8 24. Ne5 Rd6 25. Bc5 Rd7 26. Nxd7 Bxd7 27. Qa1
Bc8 28. Rd1 Qxd3 29. Rxd3 1-0

[Event "Tournoi Skype 018B"]
[Site "Skype"]
[Date "????.??.??"]
[Round "6.24"]
[White "Guillaume, Mickael"]
[Black "Picard, Mario"]
[Result "1-0"]
[WhiteElo "1102"]
[BlackElo "1271"]
[PlyCount "115"]

1. e4 e5 2. Nf3 Nc6 3. Bc4 Nf6 4. Ng5 Qe7 5. a3 d6 6. Nc3 Ng4 7. Bxf7+ Kd8 8.
d3 Nxf2 9. Nd5 Nxd1 10. Nxe7 Bxe7 11. Kxd1 Bg4+ 12. Ke1 Nd4 13. Bb3 h6 14. Nf7+
Kd7 15. Nxh8 Rxh8 16. Ba4+ c6 17. c3 Rf8 18. cxd4 exd4 19. Rf1 Bf6 20. b4 a6
21. Bb2 Bh4+ 22. g3 Rxf1+ 23. Kxf1 Bf6 24. Re1 Be5 25. Bd1 Bh3+ 26. Kf2 h5 27.
Bxh5 g5 28. Bc1 g4 29. Bf4 Bh8 30. e5 Ke6 31. a4 dxe5 32. Bd2 Kd6 33. b5 axb5
34. a5 Kc5 35. Bf7 b4 36. Rb1 Kb5 37. Rxb4+ Kxa5 38. Rxb7+ Ka6 39. Rb4 c5 40.
Rb3 Bg7 41. Bc4+ Ka7 42. Rb5 Ka6 43. Rxc5+ Kb6 44. Rb5+ Kc6 45. Rb2 Kc5 46.
Bb4+ Kc6 47. Bf7 Bh6 48. Be8+ Kd5 49. Bf7+ Kc6 50. Rc2+ Kb5 51. Be7 Be3+ 52.
Ke2 Bh6 53. Rb2+ Kc6 54. Be8+ Kd5 55. Rb5+ Ke6 56. Bd8 Bg7 57. Rb6+ Kf5 58.
Bd7# 1-0

[Event "Tournoi Skype 018B"]
[Site "Skype"]
[Date "????.??.??"]
[Round "6.25"]
[White "Baker, Abi"]
[Black "Erten, Ozlem"]
[Result "1-0"]
[WhiteElo "1130"]
[BlackElo "1000"]
[PlyCount "61"]

1. c4 Nf6 2. Nc3 e6 3. e4 Bb4 4. Nge2 Bxc3 5. Nxc3 O-O 6. g3 b6 7. Bg2 Bb7 8.
d4 c6 9. O-O Re8 10. e5 d6 11. exf6 Qxf6 12. Ne4 Qd8 13. Bf4 d5 14. Nd6 Re7 15.
Nxb7 Rxb7 16. b4 a6 17. c5 b5 18. a4 bxa4 19. Qxa4 Re7 20. Ra3 h6 21. Bxb8 Qxb8
22. Qxc6 Rc7 23. Qd6 Rb7 24. Qxb8+ Rbxb8 25. Rb3 a5 26. b5 a4 27. Rb4 a3 28. b6
a2 29. Ra1 f6 30. c6 Ra6 31. c7 1-0

[Event "Tournoi Skype 018B"]
[Site "Skype"]
[Date "????.??.??"]
[Round "6.26"]
[White "Delmonte, Davide"]
[Black "Tu, Harrison"]
[Result "1-0"]
[WhiteElo "1233"]
[BlackElo "1000"]
[PlyCount "39"]

1. e4 e5 2. Nf3 Nf6 3. d4 exd4 4. Bc4 d5 5. Bb3 Bb4+ 6. c3 Ba5 7. Qxd4 c6 8.
Be3 O-O 9. Ne5 Bb6 10. Qa4 d4 11. Bg5 Nxe4 12. Bxd8 Rxd8 13. O-O dxc3 14. Qxe4
cxb2 15. Nc3 bxa1=Q 16. Rxa1 Ba5 17. Re1 Bxc3 18. Bxf7+ Kh8 19. Nd3 Rxd3 20.
Qe8# 1-0

[Event "Tournoi Skype 018B"]
[Site "Skype"]
[Date "????.??.??"]
[Round "6.27"]
[White "Farthouat, Catherine"]
[Black "Moumtaz, Abderrahim"]
[Result "0-1"]
[WhiteElo "1150"]
[BlackElo "1219"]
[PlyCount "88"]

1. c4 e5 2. d3 Nf6 3. Nf3 Nc6 4. g3 Bb4+ 5. Nbd2 O-O 6. Bg2 d6 7. O-O Bf5 8. a3
Ba5 9. Rb1 Bb6 10. b4 a6 11. Bb2 Ne7 12. Qc2 Ng6 13. Nb3 Qd7 14. Rfe1 Bh3 15.
Bh1 Nh5 16. e3 Qe7 17. c5 Ba7 18. d4 e4 19. Nfd2 Nf6 20. Nxe4 Bf5 21. Nbd2 d5
22. f3 dxe4 23. fxe4 Bg4 24. e5 Bf5 25. Ne4 Bxe4 26. Bxe4 Ng4 27. Bxb7 Rab8 28.
Bh1 Rfc8 29. Rbd1 c6 30. Qb3 Rd8 31. a4 a5 32. Bc3 Qe6 33. Qa3 Qf5 34. Re2 Qe6
35. Qb2 N4xe5 36. Qc1 Ng4 37. e4 axb4 38. Bb2 Nf6 39. e5 Nd5 40. Bxd5 Qxd5 41.
e6 fxe6 42. Rde1 Re8 43. Qd1 Rbd8 44. Rd2 h5 0-1

[Event "Tournoi Skype 018B"]
[Site "Skype"]
[Date "????.??.??"]
[Round "6.28"]
[White "Gagnon, Sindy"]
[Black "Mimouni, Driss"]
[Result "0-1"]
[WhiteElo "1016"]
[BlackElo "1000"]
[PlyCount "76"]

1. e4 d6 2. Nc3 e5 3. Be2 Nf6 4. Nf3 Be6 5. O-O Nc6 6. h3 d5 7. d4 exd4 8. Nxd4
dxe4 9. Nb3 Bxb3 10. axb3 Bc5 11. Qe1 e3 12. fxe3 Bxe3+ 13. Bxe3 Nb4 14. Qd2
O-O 15. Bd4 Qd6 16. Kf2 c5 17. Nb5 Qb6 18. Bc3 Ne4+ 19. Ke1 Nxd2 20. Kxd2 Rfe8
21. Bc4 Rad8+ 22. Kc1 Qh6+ 23. Kb1 Nc6 24. Bxf7+ Kh8 25. Ka2 Re7 26. Nxa7 Nxa7
27. Ba5 Rdd7 28. Bb6 Qxb6 29. c3 Rxf7 30. b4 Rxf1 31. Rxf1 Rd8 32. bxc5 Qb5 33.
c4 Qxc4+ 34. b3 Qxf1 35. Ka3 Rd4 36. b4 Nb5+ 37. Ka4 Nc3+ 38. Ka5 Qa6# 0-1

[Event "Tournoi Skype 018B"]
[Site "Skype"]
[Date "????.??.??"]
[Round "7.1"]
[White "Mordaa, Ahmad"]
[Black "Sepulveda, Lyda Marcela"]
[Result "0-1"]
[WhiteElo "1440"]
[BlackElo "1375"]
[PlyCount "52"]

1. e4 e5 2. Nf3 Nc6 3. Bc4 Bc5 4. a3 Nf6 5. d3 d6 6. O-O O-O 7. Nbd2 a6 8. b4
Ba7 9. c3 d5 10. Bb3 dxe4 11. dxe4 Qe7 12. Qe2 Be6 13. Bc2 Rad8 14. Nc4 Bc8 15.
Be3 Bxe3 16. Nxe3 b5 17. Rfd1 Nh5 18. Nd5 Qd6 19. Nb6 Nf4 20. Qe3 Qg6 21. Nh4
Qf6 22. Nxc8 Qxh4 23. g3 Qg5 24. Na7 Ne7 25. Kh1 Nh3 26. f3 Qxe3 0-1